| 000 | 01075nam a2200265 i 4500 | ||
|---|---|---|---|
| 001 | 76719 | ||
| 003 | ES-MaACL | ||
| 005 | 20250819054656.0 | ||
| 007 | t| | ||
| 008 | 041005s1907 sp ||||1| spa d | ||
| 080 | _a211 | ||
| 080 | _a232.4 | ||
| 110 | 2 |
_aValencia (Archidiócesis). _bArzobispo (1905-1914: Victoriano Guisasola y Menéndez) _9157835 |
|
| 245 | 1 | 3 |
_aLa incredulidad contemporánea: sus efectos _b: carta pastoral que el Excmo. y Rvmo. Sr. Dr. D. Victoriano Guisasola y Menéndez, arzobispo de Valencia, dirige al clero y fieles de la Archidiócesis. |
| 260 |
_aValencia : _b[s.n.], _c1907 ( _fNicasio Rius) |
||
| 300 |
_a41 p. ; _c25 cm. |
||
| 530 | _aDisponible en formato digital. | ||
| 650 | 0 | 4 |
_aFe. _912734 |
| 650 | 0 | 7 |
_aAteísmo _2embne _910395 |
| 700 | 1 |
_aGuisasola y Menéndez, Victoriano, _d1852-1920 _960900 |
|
| 852 |
_aES-MaACL _j2240-F-10 _cDEPOF _zRevisado enlace: 03 de Mayo de 2025 |
||
| 856 |
_uuhttp://bdh-rd.bne.es/viewer.vm?id=0000132982&page=1 _yBiblioteca Digital Hispánica |
||
| 942 | _2udc | ||
| 999 |
_c76719 _d76719 |
||